| 000 | 00564 a2200181 4500 | ||
|---|---|---|---|
| 020 | _a9694081378 (paperback) | ||
| 020 | _a9789694081373 (paperback) | ||
| 090 |
_c5070 _d5070 |
||
| 100 | 1 | _aHamidullah, Muhammad. | |
| 245 | 1 | 0 |
_aEmergence of islam / _cMuhammad Hamidullah. |
| 250 | _a1st ed. | ||
| 260 |
_a[S.l.] : _bIslamic Research Institute,Pakistan, _c1993. |
||
| 300 | _a301 p. | ||
| 490 | 1 | _aPublication. | |
| 830 | 0 | _aPublication. | |
| 856 | 4 | 0 |
_3Amazon.com _uhttp://www.amazon.com/exec/obidos/ASIN/9694081378/chopaconline-20 |
| 942 |
_aNBS _cBK _k297 HAM |
||
| 999 |
_c347493 _d347493 |
||